[Event "Oberliga Ost B"]
[Site "?"]
[Date "2022.10.22"]
[Round "2.3"]
[White "Brendel, Oliver"]
[Black "Petrovskyi, Vadym"]
[Result "1/2-1/2"]
[WhiteElo "2343"]
[BlackElo "2360"]
[PlyCount "80"]
[EventDate "2022.09.18"]
[EventType "team-tourn"]
[EventCountry "GER"]
[WhiteTeam "Hofheim SV II"]
[BlackTeam "Emstal Bad Wolfhagen SF"]
[WhiteTeamCountry "GER"]
[BlackTeamCountry "GER"]

1. c4 e5 2. g3 Nf6 3. Bg2 d5 4. cxd5 Nxd5 5. Nc3 Nb6 6. Nf3 Nc6 7. O-O Be7 8. a3 O-O 9. b4 Be6 10. Rb1 f6 11. d3 Nd5 12. Nxd5 Bxd5 13. Bb2 Qd7 14. e4 Ba2 15. Ra1 Be6 16. d4 Nxd4 17. Nxd4 exd4 18. Qxd4 Qxd4 19. Bxd4 Rfd8 20. Be3 c6 21. Rfc1 Rd7 22. Bf1 a6 23. f4 Bf8 24. Kf2 Re8 25. Rd1 Red8 26. Be2 Rxd1 27. Rxd1 Rxd1 28. Bxd1 a5 29. Bc5 axb4 30. axb4 b6 31. Bxf8 Kxf8 32. Ke3 c5 33. bxc5 bxc5 34. e5 fxe5 35. fxe5 Ke7 36. h4 Kd7 37. Bc2 h6 38. Be4 g5 39. hxg5 hxg5 40. Kd3 Kd8 1/2-1/2

[Event "Oberliga Ost B"]
[Site "?"]
[Date "2022.10.22"]
[Round "2.4"]
[White "Prokofiev, Valentyn"]
[Black "Haack, Kevin"]
[Result "1/2-1/2"]
[WhiteElo "2280"]
[BlackElo "2091"]
[PlyCount "59"]
[EventDate "2022.09.18"]
[EventType "team-tourn"]
[EventCountry "GER"]
[WhiteTeam "Emstal Bad Wolfhagen SF"]
[BlackTeam "Hofheim SV II"]
[WhiteTeamCountry "GER"]
[BlackTeamCountry "GER"]

1. d4 Nf6 2. c4 e6 3. Nf3 b6 4. e3 Bb7 5. Bd3 c5 6. O-O Be7 7. b3 Nc6 8. Bb2 O-O 9. Nc3 cxd4 10. exd4 d5 11. Rc1 Rc8 12. Re1 h6 13. a3 Re8 14. h3 dxc4 15. bxc4 Na5 16. Ne5 Nd7 17. Nxd7 Qxd7 18. d5 exd5 19. Nxd5 Bg5 20. Nf6+ Bxf6 21. Bh7+ Kxh7 22. Qxd7 Rxe1+ 23. Rxe1 Bxb2 24. Re7 Rf8 25. a4 Kg8 26. Qf5 Bf6 27. Re1 Nxc4 28. Qd7 Na5 29. g4 g6 30. Re8 1/2-1/2

[Event "Oberliga Ost B"]
[Site "?"]
[Date "2022.10.22"]
[Round "2.5"]
[White "Engel, Berthold"]
[Black "Kersten, Uwe"]
[Result "1/2-1/2"]
[WhiteElo "2117"]
[BlackElo "2261"]
[PlyCount "36"]
[EventDate "2022.09.18"]
[EventType "team-tourn"]
[EventCountry "GER"]
[WhiteTeam "Hofheim SV II"]
[BlackTeam "Emstal Bad Wolfhagen SF"]
[WhiteTeamCountry "GER"]
[BlackTeamCountry "GER"]

1. e4 e6 2. d4 d5 3. exd5 exd5 4. Nf3 Bd6 5. Be2 Nf6 6. c3 h6 7. Qc2 O-O 8. O-O Re8 9. Bd3 Nc6 10. Nbd2 Bg4 11. Re1 Rxe1+ 12. Nxe1 Qe7 13. Nef3 Re8 14. Nf1 Qd8 15. Ne3 Qc8 16. Nf5 Bxf5 17. Bxf5 Qd8 18. Be3 Ne7 1/2-1/2

[Event "Oberliga Ost B"]
[Site "?"]
[Date "2022.10.22"]
[Round "2.6"]
[White "Boricsev, Oleg"]
[Black "Waffenschmidt, Joachim"]
[Result "1-0"]
[WhiteElo "2218"]
[BlackElo "2031"]
[PlyCount "89"]
[EventDate "2022.09.18"]
[EventType "team-tourn"]
[EventCountry "GER"]
[WhiteTeam "Emstal Bad Wolfhagen SF"]
[BlackTeam "Hofheim SV II"]
[WhiteTeamCountry "GER"]
[BlackTeamCountry "GER"]

1. e4 c5 2. c3 d5 3. exd5 Nf6 4. d4 Nxd5 5. Nf3 e6 6. Bd3 cxd4 7. Nxd4 Be7 8. Na3 O-O 9. Nac2 Nd7 10. Ne3 N7f6 11. O-O Qc7 12. Nxd5 Nxd5 13. Qf3 Bd7 14. Nf5 exf5 15. Qxd5 Bd6 16. h3 Rfe8 17. Qf3 g6 18. Bg5 Bc6 19. Qd1 Bh2+ 20. Kh1 Bf4 21. Bxf4 Qxf4 22. Qb3 a6 23. Bc4 Re7 24. Bd5 Bxd5 25. Qxd5 Rae8 26. Rad1 Qe4 27. Qxe4 Rxe4 28. Rd2 Re2 29. Rfd1 Kf8 30. g3 Rxd2 31. Rxd2 Re1+ 32. Kg2 Ke7 33. Kf3 Ra1 34. b3 Ke6 35. h4 h6 36. c4 g5 37. c5 Ke5 38. Rd7 Rxa2 39. Rxb7 Rc2 40. b4 Rc3+ 41. Ke2 a5 42. bxa5 Rxc5 43. a6 Ra5 44. a7 gxh4 45. Rb5+ 1-0

[Event "Oberliga Ost B"]
[Site "?"]
[Date "2022.10.22"]
[Round "2.7"]
[White "Rieseler, Caroline"]
[Black "Dovzik, Juri"]
[Result "1/2-1/2"]
[WhiteElo "2111"]
[BlackElo "2269"]
[PlyCount "109"]
[EventDate "2022.09.18"]
[EventType "team-tourn"]
[EventCountry "GER"]
[WhiteTeam "Hofheim SV II"]
[BlackTeam "Emstal Bad Wolfhagen SF"]
[WhiteTeamCountry "GER"]
[BlackTeamCountry "GER"]

1. e4 c5 2. Nf3 e6 3. d4 cxd4 4. Nxd4 Nc6 5. Nc3 Qc7 6. Be2 a6 7. O-O Nf6 8. Be3 Be7 9. f4 d6 10. Qe1 O-O 11. Qg3 Nxd4 12. Bxd4 b5 13. Bd3 b4 14. Nd1 Bb7 15. Nf2 Nh5 16. Qf3 Bf6 17. Be3 g6 18. g4 Ng7 19. Rab1 Be7 20. Qg3 f5 21. c3 bxc3 22. bxc3 Rab8 23. Ba7 Rbc8 24. Bd4 Bf6 25. Bb6 Qd7 26. c4 fxe4 27. Nxe4 Bxe4 28. Bxe4 Rxc4 29. Qd3 d5 30. Bg2 Qc6 31. h3 Be7 32. Kh1 Rcxf4 33. Rxf4 Rxf4 34. Qxa6 Rb4 35. Rxb4 Bxb4 36. a4 h5 37. a5 hxg4 38. hxg4 Qc3 39. Qa8+ Kh7 40. Qd8 Qe1+ 41. Kh2 g5 42. a6 Bd2 43. Bxd5 Qe5+ 44. Kg2 exd5 45. Qc8 Qe2+ 46. Kg1 Qe1+ 47. Kg2 Qe4+ 48. Kf1 d4 49. Bxd4 Qd3+ 50. Kg2 Qxd4 51. Qc2+ Kh6 52. Qc6+ Kh7 53. Qc2+ Kh6 54. Qc6+ Kh7 55. Qc2+ 1/2-1/2

[Event "Oberliga Ost B"]
[Site "?"]
[Date "2022.10.22"]
[Round "2.1"]
[White "Khenkin, Igor"]
[Black "Teske, Henrik"]
[Result "1/2-1/2"]
[WhiteElo "2504"]
[BlackElo "2465"]
[PlyCount "53"]
[EventDate "2022.09.18"]
[EventType "team-tourn"]
[EventCountry "GER"]
[WhiteTeam "Wiesbadener SV"]
[BlackTeam "Erfurt SV Empor"]
[WhiteTeamCountry "GER"]
[BlackTeamCountry "GER"]

1. d4 Nf6 2. c4 e6 3. Nf3 b6 4. Nc3 Bb4 5. e3 Bb7 6. Bd3 O-O 7. O-O Re8 8. Bd2 d6 9. a3 Bxc3 10. Bxc3 Nbd7 11. b4 e5 12. Nd2 exd4 13. exd4 c5 14. Qc2 cxd4 15. Bxd4 Ne5 16. Bf5 Qc7 17. Rfe1 Qc6 18. Ne4 d5 19. Nxf6+ Qxf6 20. Bxh7+ Kh8 21. Re3 Nf3+ 22. Rxf3 Qxd4 23. Rd1 Qxc4 24. Rxf7 Ba6 25. Bd3 Qxc2 26. Bxc2 Be2 27. Ra1 1/2-1/2

[Event "Oberliga Ost B"]
[Site "?"]
[Date "2022.10.22"]
[Round "2.2"]
[White "Langheinrich, Ferenc"]
[Black "Bilych, Olexiy"]
[Result "0-1"]
[WhiteElo "2363"]
[BlackElo "2420"]
[PlyCount "80"]
[EventDate "2022.09.18"]
[EventType "team-tourn"]
[EventCountry "GER"]
[WhiteTeam "Erfurt SV Empor"]
[BlackTeam "Wiesbadener SV"]
[WhiteTeamCountry "GER"]
[BlackTeamCountry "GER"]

1. e4 e5 2. Nf3 Nc6 3. Bb5 g6 4. d4 exd4 5. Nxd4 Bg7 6. Ne2 Nge7 7. Nbc3 O-O 8. h4 d5 9. exd5 Nb4 10. Bg5 h6 11. Bxe7 Qxe7 12. a3 Bxc3+ 13. bxc3 Nxd5 14. Qxd5 c6 15. Qf3 cxb5 16. O-O Qxh4 17. Nd4 Qg5 18. Rfe1 Rb8 19. Re3 Bd7 20. Rae1 Rfe8 21. Rxe8+ Bxe8 22. Qh3 h5 23. Qh2 Rc8 24. Qd6 Qd8 25. Qg3 Bd7 26. f4 Qc7 27. Re3 Qd6 28. Kh2 a6 29. Re5 Bg4 30. f5 Rf8 31. fxg6 fxg6 32. Kg1 Qxa3 33. Qe3 Qd6 34. Re7 Rf7 35. Re8+ Kg7 36. Qg5 Qf6 37. Qc5 h4 38. Re3 h3 39. Rg3 Qf4 40. Kh2 hxg2 0-1

[Event "Oberliga Ost B"]
[Site "?"]
[Date "2022.10.22"]
[Round "2.3"]
[White "Dubkov, Andrej"]
[Black "Reucker, Friedrich"]
[Result "1-0"]
[WhiteElo "2319"]
[BlackElo "1975"]
[PlyCount "53"]
[EventDate "2022.09.18"]
[EventType "team-tourn"]
[EventCountry "GER"]
[WhiteTeam "Wiesbadener SV"]
[BlackTeam "Erfurt SV Empor"]
[WhiteTeamCountry "GER"]
[BlackTeamCountry "GER"]

1. d4 Nf6 2. c4 g6 3. Nf3 Bg7 4. g3 O-O 5. Bg2 d6 6. O-O Nc6 7. Nc3 e5 8. dxe5 Nxe5 9. b3 Nxf3+ 10. exf3 Be6 11. f4 Qc8 12. Bb2 Bh3 13. Re1 Bxg2 14. Kxg2 Re8 15. Qf3 c6 16. Red1 Qf5 17. Rd2 Rad8 18. Rad1 Re6 19. Ba3 Bf8 20. Bb4 h5 21. h3 Rd7 22. Rd3 Ne8 23. g4 hxg4 24. hxg4 Qf6 25. Ne4 Qe7 26. Nc5 dxc5 27. Rxd7 1-0

[Event "Oberliga Ost B"]
[Site "?"]
[Date "2022.10.22"]
[Round "2.4"]
[White "Michalowski, Peter"]
[Black "Bakiev, Diyor"]
[Result "0-1"]
[WhiteElo "2103"]
[BlackElo "2180"]
[PlyCount "110"]
[EventDate "2022.09.18"]
[EventType "team-tourn"]
[EventCountry "GER"]
[WhiteTeam "Erfurt SV Empor"]
[BlackTeam "Wiesbadener SV"]
[WhiteTeamCountry "GER"]
[BlackTeamCountry "GER"]

1. e4 c6 2. d4 d5 3. e5 Bf5 4. Nf3 e6 5. Be2 Ne7 6. Nbd2 c5 7. dxc5 Nec6 8. Nb3 Nd7 9. O-O Nxc5 10. Nbd4 Bg4 11. c4 Be7 12. Be3 O-O 13. cxd5 Qxd5 14. Nxc6 bxc6 15. Rc1 Rac8 16. Qd4 Qxd4 17. Bxd4 Nd7 18. Rfd1 c5 19. Bc3 Nb6 20. h3 Bh5 21. g4 Bg6 22. Rd2 Nd5 23. Rcd1 Be4 24. Kh2 Nxc3 25. bxc3 Bd5 26. Rb2 f6 27. c4 Bc6 28. Kg3 f5 29. g5 f4+ 30. Kg4 h6 31. gxh6 gxh6 32. h4 Kh8 33. Kh3 Rb8 34. Rdb1 Rxb2 35. Rxb2 Rd8 36. Rd2 Rb8 37. Kg4 Rf8 38. Rd1 Kg7 39. Nd2 Rf5 40. Bf3 Be8 41. Rb1 Bh5+ 42. Kh3 Rxe5 43. Rb7 Kf8 44. Rxa7 Bxf3 45. Nxf3 Re2 46. Kg2 Bf6 47. a4 e5 48. Rc7 e4 49. Rxc5 e3 50. Rf5 Rxf2+ 51. Kg1 Rxf3 52. Rxf6+ Ke7 53. Rb6 Rg3+ 54. Kf1 f3 55. Rb1 Rg2 0-1

[Event "Oberliga Ost B"]
[Site "?"]
[Date "2022.10.22"]
[Round "2.5"]
[White "Ochs, Daniel Elias"]
[Black "Heinke, Jasper"]
[Result "1-0"]
[WhiteElo "2071"]
[BlackElo "2029"]
[PlyCount "95"]
[EventDate "2022.09.18"]
[EventType "team-tourn"]
[EventCountry "GER"]
[WhiteTeam "Wiesbadener SV"]
[BlackTeam "Erfurt SV Empor"]
[WhiteTeamCountry "GER"]
[BlackTeamCountry "GER"]

1. d4 Nf6 2. Nf3 d5 3. c4 e6 4. g3 Be7 5. Bg2 O-O 6. O-O dxc4 7. Qc2 b5 8. a4 b4 9. Nfd2 c6 10. Nxc4 Qxd4 11. Bf4 Qc5 12. Nbd2 Ba6 13. Rac1 Rc8 14. Ne4 Nxe4 15. Qxe4 Qf5 16. Qxf5 exf5 17. Nd6 Bxd6 18. Bxd6 Bxe2 19. Rfe1 Bd3 20. Bxb4 Be4 21. Bxe4 fxe4 22. Rxe4 Nd7 23. a5 f6 24. Rd1 Ne5 25. f4 c5 26. fxe5 cxb4 27. exf6 gxf6 28. Rxb4 Rc2 29. Rf1 Rd8 30. Rf2 Rd1+ 31. Kg2 Rxf2+ 32. Kxf2 Rd2+ 33. Ke3 Rxh2 34. a6 Kf7 35. Rb7+ Kg6 36. b4 Rb2 37. Kd4 h5 38. Kc5 Rc2+ 39. Kd6 Rc3 40. Rxa7 Rxg3 41. Re7 h4 42. a7 Ra3 43. b5 h3 44. b6 Ra6 45. Kc5 Ra5+ 46. Kb4 Ra6 47. Kb5 Ra1 48. Re2 1-0

[Event "Oberliga Ost B"]
[Site "?"]
[Date "2022.10.22"]
[Round "2.6"]
[White "Rempel, Patrick"]
[Black "Scheitz, Michael"]
[Result "1/2-1/2"]
[WhiteElo "2017"]
[BlackElo "2034"]
[PlyCount "38"]
[EventDate "2022.09.18"]
[EventType "team-tourn"]
[EventCountry "GER"]
[WhiteTeam "Erfurt SV Empor"]
[BlackTeam "Wiesbadener SV"]
[WhiteTeamCountry "GER"]
[BlackTeamCountry "GER"]

1. Nf3 d5 2. g3 Nf6 3. Bg2 e6 4. O-O Be7 5. c4 O-O 6. b3 d4 7. Bb2 Nc6 8. e3 e5 9. exd4 exd4 10. d3 Bg4 11. h3 Bh5 12. Qd2 h6 13. Na3 Qd7 14. Kh2 a5 15. Nb5 Bc5 16. Qf4 Rad8 17. a3 Rfe8 18. Rfe1 Bg6 19. Qxc7 Bxd3 1/2-1/2

[Event "Oberliga Ost B"]
[Site "?"]
[Date "2022.10.22"]
[Round "2.7"]
[White "Nehmert, Ulrich"]
[Black "Nicolai, Tim"]
[Result "1/2-1/2"]
[WhiteElo "2235"]
[BlackElo "1985"]
[PlyCount "53"]
[EventDate "2022.09.18"]
[EventType "team-tourn"]
[EventCountry "GER"]
[WhiteTeam "Wiesbadener SV"]
[BlackTeam "Erfurt SV Empor"]
[WhiteTeamCountry "GER"]
[BlackTeamCountry "GER"]

1. d4 f5 2. g3 Nf6 3. Bg2 g6 4. Nd2 Bg7 5. e4 fxe4 6. Nxe4 Nxe4 7. Bxe4 d5 8. Bg2 O-O 9. f4 c5 10. dxc5 e6 11. Nf3 Qa5+ 12. c3 Qxc5 13. Qe2 e5 14. Be3 d4 15. cxd4 exd4 16. Rc1 Qa5+ 17. Bd2 Qxa2 18. O-O Nc6 19. Ng5 h6 20. Qb5 Rf5 21. Rc5 a6 22. Qb6 hxg5 23. Rxf5 gxf5 24. Bxc6 bxc6 25. Qxc6 Rb8 26. Qe8+ Kh7 27. Qh5+ 1/2-1/2

[Event "Oberliga Ost B"]
[Site "?"]
[Date "2022.10.22"]
[Round "2.8"]
[White "Rudnizki, Sergej"]
[Black "Buchholz, Maja"]
[Result "1-0"]
[WhiteElo "2110"]
[BlackElo "1695"]
[PlyCount "109"]
[EventDate "2022.09.18"]
[EventType "team-tourn"]
[EventCountry "GER"]
[WhiteTeam "Erfurt SV Empor"]
[BlackTeam "Wiesbadener SV"]
[WhiteTeamCountry "GER"]
[BlackTeamCountry "GER"]

1. e4 e6 2. d4 d5 3. exd5 exd5 4. Bd3 Bd6 5. Ne2 Ne7 6. Nbc3 c6 7. Bg5 O-O 8. Qd2 Qc7 9. O-O-O b5 10. Ng3 a5 11. Nce2 Nd7 12. Bf4 Nb6 13. Bxd6 Qxd6 14. Qf4 Qd7 15. h4 Nc4 16. h5 h6 17. Ng1 a4 18. Nf3 Ra7 19. Rhe1 Qd8 20. Nh4 Qa5 21. Rxe7 Rxe7 22. Ngf5 Re1 23. Bxc4 Rfe8 24. c3 Qd8 25. Bd3 Qf6 26. Nf3 R1e4 27. Bxe4 Rxe4 28. Nxh6+ Qxh6 29. Qxh6 gxh6 30. Re1 Rxe1+ 31. Nxe1 Kg7 32. Kd2 Kf6 33. Nf3 Bg4 34. Ne5 Bxh5 35. Nxc6 Bg6 36. Na7 Be4 37. f3 Bb1 38. a3 Kg5 39. Ke3 Kh4 40. Kf4 Bd3 41. Nc6 Bc2 42. Ne7 Bb3 43. Nf5+ Kh5 44. Nd6 Kg6 45. Nxb5 f6 46. Nd6 h5 47. Nb7 Bd1 48. Nc5 Bc2 49. g3 Bd1 50. c4 dxc4 51. d5 Bc2 52. d6 Kf7 53. Ke3 Bd1 54. f4 Bc2 55. Kd4 1-0

[Event "Oberliga Ost B"]
[Site "?"]
[Date "2022.10.22"]
[Round "2.1"]
[White "Philipp, Mathias"]
[Black "Hebbering, Tom Elliot"]
[Result "1/2-1/2"]
[WhiteElo "2173"]
[BlackElo "2228"]
[PlyCount "23"]
[EventDate "2022.09.18"]
[EventType "team-tourn"]
[EventCountry "GER"]
[WhiteTeam "Weimar SV Vimaria"]
[BlackTeam "Gernsheim SK"]
[WhiteTeamCountry "GER"]
[BlackTeamCountry "GER"]

1. e4 c5 2. Nf3 Nc6 3. Bb5 d6 4. O-O Bd7 5. Re1 a6 6. Bf1 g6 7. c3 Bg7 8. h3 e5 9. a4 Nge7 10. Na3 O-O 11. Nc4 Qc7 12. d4 1/2-1/2

[Event "Oberliga Ost B"]
[Site "?"]
[Date "2022.10.22"]
[Round "2.2"]
[White "Dietz, Holger"]
[Black "Aepfler, Christian"]
[Result "0-1"]
[WhiteElo "2298"]
[BlackElo "2163"]
[PlyCount "100"]
[EventDate "2022.09.18"]
[EventType "team-tourn"]
[EventCountry "GER"]
[WhiteTeam "Gernsheim SK"]
[BlackTeam "Weimar SV Vimaria"]
[WhiteTeamCountry "GER"]
[BlackTeamCountry "GER"]

1. d4 d5 2. c4 e6 3. g3 Nf6 4. Bg2 Be7 5. Nf3 O-O 6. O-O dxc4 7. Ne5 c5 8. dxc5 Qc7 9. Nxc4 Rd8 10. Qb3 Nc6 11. Be3 Ng4 12. Nba3 Nxe3 13. Nb5 Qd7 14. Qxe3 Nb4 15. Nbd6 Bxd6 16. Nxd6 Nc2 17. Qf4 Nxa1 18. Rxa1 f6 19. Rd1 Qe7 20. Qc4 Kf8 21. b4 Rb8 22. f4 b6 23. Rd3 bxc5 24. bxc5 Qc7 25. Be4 Ba6 26. Qxa6 Qxc5+ 27. Kg2 Rb6 28. Nb7 Rxd3 29. Nxc5 Rxa6 30. Bxd3 Rxa2 31. Nxe6+ Ke7 32. Nd4 a5 33. Bxh7 a4 34. Kf2 a3 35. Nb5 Rxe2+ 36. Kxe2 a2 37. Bd3 a1=Q 38. h4 Qh1 39. Kf2 Qh2+ 40. Kf3 Qd2 41. Bc4 Kd7 42. Be2 Kc6 43. Kf2 Kc5 44. Kf3 Kb4 45. Kf2 Kb3 46. Kf3 Qd5+ 47. Ke3 Qc5+ 48. Ke4 f5+ 49. Kf3 Kc2 50. Bc4 Kd2 0-1

[Event "Oberliga Ost B"]
[Site "?"]
[Date "2022.10.22"]
[Round "2.3"]
[White "Mysliwiec, Joerg"]
[Black "Neumann, Martin"]
[Result "1-0"]
[WhiteElo "2093"]
[BlackElo "2141"]
[PlyCount "63"]
[EventDate "2022.09.18"]
[EventType "team-tourn"]
[EventCountry "GER"]
[WhiteTeam "Weimar SV Vimaria"]
[BlackTeam "Gernsheim SK"]
[WhiteTeamCountry "GER"]
[BlackTeamCountry "GER"]

1. b3 d5 2. Bb2 Nf6 3. Nf3 Bf5 4. g3 Nc6 5. Bg2 Qd7 6. c4 O-O-O 7. cxd5 Nxd5 8. Nc3 Ndb4 9. Rc1 e5 10. O-O f6 11. a3 Na6 12. d3 Kb8 13. b4 Nd4 14. Nxd4 exd4 15. Ne4 Bxe4 16. Bxe4 c5 17. Qb3 cxb4 18. axb4 Nc7 19. Rc4 Nb5 20. Rfc1 Be7 21. Qa4 f5 22. Bg2 Bf6 23. Rc5 a6 24. Qa5 Rc8 25. R1c4 Rxc5 26. bxc5 Qc7 27. Qa4 Rc8 28. c6 Qb6 29. cxb7 Rc7 30. Ba3 Ka7 31. Bb4 Nc3 32. Qe8 1-0

[Event "Oberliga Ost B"]
[Site "?"]
[Date "2022.10.22"]
[Round "2.4"]
[White "Mueller, Maximilian"]
[Black "Riedel, Finn"]
[Result "1-0"]
[WhiteElo "2307"]
[BlackElo "2138"]
[PlyCount "95"]
[EventDate "2022.09.18"]
[EventType "team-tourn"]
[EventCountry "GER"]
[WhiteTeam "Gernsheim SK"]
[BlackTeam "Weimar SV Vimaria"]
[WhiteTeamCountry "GER"]
[BlackTeamCountry "GER"]

1. e4 e6 2. c4 d5 3. cxd5 exd5 4. exd5 Qxd5 5. Nc3 Qa5 6. Bc4 Nc6 7. Nf3 Bg4 8. Qe2+ Be7 9. Bb5 O-O-O 10. Bxc6 bxc6 11. O-O Bf6 12. Qe4 Bf5 13. Qxc6 Ne7 14. Qc4 Bd3 15. Qg4+ Bf5 16. Qg3 Rd3 17. Re1 h5 18. Qf4 Ng6 19. Qc4 Rxf3 20. b4 Qb6 21. gxf3 Ne5 22. Qf4 Qe6 23. Bb2 g5 24. Qe3 Qc6 25. Nd5 Re8 26. d4 Qxd5 27. dxe5 Be7 28. Red1 Qb7 29. a3 g4 30. Qf4 Be6 31. Qe4 gxf3 32. Qxb7+ Kxb7 33. Rd3 Rg8+ 34. Kh1 Bh3 35. Rg1 Bg2+ 36. Rxg2 fxg2+ 37. Kg1 Rd8 38. Rxd8 Bxd8 39. Kxg2 Kc6 40. Kg3 Kd5 41. Kf4 a6 42. Kf5 Bh4 43. f3 c5 44. bxc5 Kxc5 45. e6 fxe6+ 46. Kxe6 Kc4 47. Be5 Kb3 48. Bd6 1-0

[Event "Oberliga Ost B"]
[Site "?"]
[Date "2022.10.22"]
[Round "2.5"]
[White "Albrecht, Juergen"]
[Black "Schupp, Uwe"]
[Result "1/2-1/2"]
[WhiteElo "2140"]
[BlackElo "2112"]
[PlyCount "105"]
[EventDate "2022.09.18"]
[EventType "team-tourn"]
[EventCountry "GER"]
[WhiteTeam "Weimar SV Vimaria"]
[BlackTeam "Gernsheim SK"]
[WhiteTeamCountry "GER"]
[BlackTeamCountry "GER"]

1. e4 d6 2. d4 Nf6 3. Nc3 e5 4. Nf3 exd4 5. Nxd4 Be7 6. g3 O-O 7. Bg2 Re8 8. O-O Bf8 9. b3 c6 10. a4 Nbd7 11. Bb2 Nc5 12. Re1 Bg4 13. Qd2 Qc7 14. h3 Bd7 15. g4 h6 16. g5 hxg5 17. Qxg5 Ne6 18. Nxe6 Rxe6 19. Ne2 Nh7 20. Qd2 Rh6 21. Qc3 Ng5 22. Nf4 Ne6 23. Nxe6 Bxe6 24. Re3 f6 25. Rg3 Bf7 26. Rd1 Re8 27. Bc1 Rg6 28. Bf4 Qb6 29. Rdd3 Re6 30. a5 Qb5 31. Qd2 a6 32. b4 Qc4 33. Kh2 Kh7 34. Rd4 Qa2 35. Bf3 Rxg3 36. Bxg3 Bg6 37. h4 c5 38. bxc5 dxc5 39. Rd5 Bxe4 40. Bxe4+ Rxe4 41. Rd8 Be7 42. Qd3 f5 43. f3 Bxd8 44. fxe4 Bxa5 45. exf5 Qf7 46. f6+ Kg8 47. fxg7 Bc7 48. Bxc7 Qxc7+ 49. Kh3 Kxg7 50. Qf5 Qe7 51. Qg4+ Kh6 52. Qf4+ Kg7 53. Qg4+ 1/2-1/2

[Event "Oberliga Ost B"]
[Site "?"]
[Date "2022.10.22"]
[Round "2.6"]
[White "Lukas, Anne"]
[Black "Gulich, Christian"]
[Result "1/2-1/2"]
[WhiteElo "2051"]
[BlackElo "2016"]
[PlyCount "67"]
[EventDate "2022.09.18"]
[EventType "team-tourn"]
[EventCountry "GER"]
[WhiteTeam "Gernsheim SK"]
[BlackTeam "Weimar SV Vimaria"]
[WhiteTeamCountry "GER"]
[BlackTeamCountry "GER"]

1. Nf3 g6 2. g3 Bg7 3. Bg2 d6 4. O-O f5 5. d3 Nf6 6. Nc3 O-O 7. e4 Nc6 8. Bg5 e5 9. Qd2 Be6 10. d4 fxe4 11. Bxf6 Bxf6 12. Nxe4 exd4 13. Nxf6+ Qxf6 14. Ng5 Bg4 15. h3 Bd7 16. Rae1 Rae8 17. Rxe8 Rxe8 18. Bd5+ Kg7 19. Nf7 Be6 20. Bxe6 Qxe6 21. Ng5 Qe2 22. Qxe2 Rxe2 23. Rc1 Nb4 24. Kf1 Rxc2 25. Rxc2 Nxc2 26. Ne6+ Kf6 27. Nxc7 Ke5 28. Ke2 a6 29. a3 Na1 30. Kd3 Nb3 31. f4+ Kf5 32. Ne8 Ke6 33. g4 d5 34. Nc7+ 1/2-1/2

[Event "Oberliga Ost B"]
[Site "?"]
[Date "2022.10.22"]
[Round "2.7"]
[White "Homberger, Jan"]
[Black "Wenzel, Calvin"]
[Result "0-1"]
[WhiteElo "1867"]
[BlackElo "1968"]
[PlyCount "78"]
[EventDate "2022.09.18"]
[EventType "team-tourn"]
[EventCountry "GER"]
[WhiteTeam "Weimar SV Vimaria"]
[BlackTeam "Gernsheim SK"]
[WhiteTeamCountry "GER"]
[BlackTeamCountry "GER"]

1. e4 e5 2. Nf3 Nc6 3. Bc4 Bc5 4. b4 Bxb4 5. c3 Ba5 6. d4 exd4 7. Qb3 Qe7 8. O-O d6 9. cxd4 Bb6 10. Bb5 Bd7 11. Bb2 Na5 12. Qd3 Bxb5 13. Qxb5+ Qd7 14. Qd3 Ne7 15. Nbd2 Ng6 16. g3 h5 17. h4 O-O 18. d5 Rae8 19. Ng5 Qg4 20. Kh2 f6 21. Qc3 Ne5 22. f3 Qd7 23. Ne6 Rxe6 24. dxe6 Qxe6 25. Nb3 Nac4 26. Nd4 Qf7 27. a4 Nxb2 28. Qxb2 Qc4 29. Nf5 Re8 30. Qd2 Qb3 31. Rab1 Nxf3+ 32. Rxf3 Qxf3 33. Qd5+ Kf8 34. Nxd6 cxd6 35. Qxd6+ Kg8 36. Qd5+ Kh7 37. Rb3 Qf2+ 38. Kh3 Qf1+ 39. Kh2 Qg1+ 0-1

[Event "Oberliga Ost B"]
[Site "?"]
[Date "2022.10.22"]
[Round "2.8"]
[White "Nies, Peter"]
[Black "Graef, Michael"]
[Result "1-0"]
[WhiteElo "2006"]
[BlackElo "1967"]
[PlyCount "67"]
[EventDate "2022.09.18"]
[EventType "team-tourn"]
[EventCountry "GER"]
[WhiteTeam "Gernsheim SK"]
[BlackTeam "Weimar SV Vimaria"]
[WhiteTeamCountry "GER"]
[BlackTeamCountry "GER"]

1. e4 g6 2. Nc3 Bg7 3. f4 d6 4. Nf3 Nf6 5. Bc4 c6 6. Bb3 O-O 7. O-O b5 8. e5 dxe5 9. fxe5 Nd5 10. Ne4 Bf5 11. d3 Nd7 12. Ng3 Bg4 13. d4 Qb6 14. Kh1 e6 15. c3 c5 16. h3 Bxf3 17. Rxf3 cxd4 18. cxd4 f5 19. Bxd5 exd5 20. Ne2 Rac8 21. Nf4 Rc4 22. Be3 Qc6 23. Rg3 Rc8 24. Qf3 Nb6 25. h4 Rc2 26. h5 Qd7 27. hxg6 h6 28. Nh5 Nc4 29. Bxh6 Nd2 30. Bxd2 Rxd2 31. Nf6+ Bxf6 32. exf6 Rcc2 33. Qh5 Qc7 34. f7+ 1-0

[Event "Oberliga Ost B"]
[Site "?"]
[Date "2022.10.22"]
[Round "2.1"]
[White "Konopka, Michal"]
[Black "Poetsch, Hagen"]
[Result "1/2-1/2"]
[WhiteElo "2354"]
[BlackElo "2478"]
[PlyCount "44"]
[EventDate "2022.09.18"]
[EventType "team-tourn"]
[EventCountry "GER"]
[WhiteTeam "Schoeneck SF"]
[BlackTeam "Heusenstamm SC"]
[WhiteTeamCountry "GER"]
[BlackTeamCountry "GER"]

1. Nf3 Nf6 2. c4 e6 3. g3 d5 4. d4 dxc4 5. Bg2 c6 6. O-O b5 7. a4 Bb7 8. Ne5 a6 9. Nc3 Be7 10. axb5 axb5 11. Rxa8 Bxa8 12. Nxb5 cxb5 13. Bxa8 O-O 14. Bg2 Qb6 15. e3 Rc8 16. Bd2 Nbd7 17. Nxd7 Nxd7 18. Qa1 e5 19. Bh3 Qb7 20. Bg2 Qb6 21. Bh3 Qb7 22. Bg2 Qb6 1/2-1/2

[Event "Oberliga Ost B"]
[Site "?"]
[Date "2022.10.22"]
[Round "2.2"]
[White "Zuyev, Igor"]
[Black "Marchio, Enrico"]
[Result "1-0"]
[WhiteElo "2456"]
[BlackElo "2275"]
[PlyCount "127"]
[EventDate "2022.09.18"]
[EventType "team-tourn"]
[EventCountry "GER"]
[WhiteTeam "Heusenstamm SC"]
[BlackTeam "Schoeneck SF"]
[WhiteTeamCountry "GER"]
[BlackTeamCountry "GER"]

1. e4 d5 2. exd5 Nf6 3. d4 Nxd5 4. Nf3 g6 5. c4 Nb6 6. Nc3 Bg7 7. c5 Nd5 8. Bc4 Nxc3 9. bxc3 O-O 10. O-O b6 11. Qe2 Bb7 12. Bg5 Bf6 13. Bh6 Re8 14. Bb5 c6 15. Bc4 Nd7 16. Ng5 Bxg5 17. Bxg5 Nf6 18. Rfe1 bxc5 19. Rab1 Qd7 20. dxc5 Nd5 21. Qf3 Rad8 22. Bb3 f6 23. Bd2 Qc8 24. c4 Nc7 25. Ba5 Kg7 26. Ba4 e5 27. Bxc6 Bxc6 28. Qxc6 Ne6 29. Rb7+ Kg8 30. Qb5 a6 31. Qb6 Qxc5 32. Qxc5 Nxc5 33. Bxd8 Nxb7 34. Bxf6 Rc8 35. Rxe5 Rxc4 36. g3 Ra4 37. Re7 Nd6 38. Rg7+ Kf8 39. Rxh7 Ne8 40. Be5 Rxa2 41. Ra7 Kg8 42. h4 Re2 43. f4 Ra2 44. g4 Ra3 45. Kg2 Ra2+ 46. Kf3 Ra3+ 47. Ke4 a5 48. f5 Ra4+ 49. Kf3 gxf5 50. gxf5 Rxh4 51. Rxa5 Rc4 52. Ra7 Rc6 53. Ke4 Nf6+ 54. Bxf6 Rxf6 55. Ke5 Rb6 56. f6 Rb5+ 57. Ke6 Rb8 58. Ke7 Rf8 59. Ra1 Rf7+ 60. Ke6 Rf8 61. Rg1+ Kh8 62. Ke7 Ra8 63. Rd1 Kh7 64. f7 1-0